Aller au contenu

Привал. Дымяся, огонёк…

Классическое произведение, относящееся к общественному достоянию.

Enregistré dans:
Détails bibliographiques
Auteur principal: Толстой А. К.
Format: Книга
Langue:Russian
Publié: Санкт-Петербург Лань 2013
Accès en ligne:http://e.lanbook.com/books/element.php?pl1_cid=25&pl1_id=21321
https://e.lanbook.com/img/cover/book/21321.jpg
Tags: Ajouter un tag
Pas de tags, Soyez le premier à ajouter un tag!
LEADER 01020nam0a2200241 i 4500
001 21321
003 RuSpLAN
005 20221220173909.0
008 221220s2013 ru gs 000 0 rus
020 |a 978-5-507-20869-2 
040 |a RuSpLAN 
041 0 |a rus 
044 |a ru 
245 0 0 |a Привал. Дымяся, огонёк…  |c Толстой А. К. 
260 |a Санкт-Петербург  |b Лань  |c 2013 
300 |a 1 с. 
504 |a Библиогр.: доступна в карточке книги, на сайте ЭБС Лань 
520 8 |a Классическое произведение, относящееся к общественному достоянию. 
521 8 |a Книга из коллекции Лань - Художественная литература 
100 1 |a Толстой А. К. 
856 4 |u http://e.lanbook.com/books/element.php?pl1_cid=25&pl1_id=21321 
856 4 8 |u https://e.lanbook.com/img/cover/book/21321.jpg 
953 |a https://e.lanbook.com/img/cover/book/21321.jpg 
Cannot write session to /tmp/vufind_sessions/sess_0uffov57o33v3p7lucpsh78s3i